| 000 | 00530nam a2200205Ia 4500 | ||
|---|---|---|---|
| 008 | 131103s9999 xx 000 0 und d | ||
| 020 | _cRs.97 | ||
| 040 | _aLoreto College | ||
| 041 | _aEnglish | ||
| 082 |
_a910/GAU _bLCBED/12937 |
||
| 100 | _aGaur, K S | ||
| 245 | 2 |
_aA textbook of certificate Geography _cK S Gaur and J D Cruz |
|
| 260 |
_aAgra _bOswal _c2000 |
||
| 300 |
_a227p. _b map. _c 24cm. |
||
| 504 | _aIncludes appendix | ||
| 650 | _aGeography | ||
| 700 | _aCruz, J D | ||
| 850 | _aLCBED/910/GAU | ||
| 942 | _cBK | ||
| 999 |
_c29198 _d79677 |
||